Descubra su destino : (Registro nro. 6405)
[ vista simple ]
| 000 -CABECERA | |
|---|---|
| campo de control de longitud fija | 01040nam a22002897a 4500 |
| 008 - CÓDIGOS DE INFORMACIÓN DE LONGITUD FIJA | |
| fixed length control field | 200127b1997 us |||||r|||| 00| | spa d |
| 020 ## - NÚMERO INTERNACIONAL NORMALIZADO PARA LIBROS | |
| ISBN | 0881134902 |
| 040 ## - Fuente de catalogación | |
| Agencia original de catalogación | CO-JMCR |
| Agencia de transcripción | CO-JMCR |
| 041 ## - CÓDIGO DE LENGUA | |
| Código idioma | spa |
| Language code of original | eng |
| 082 ## - NÚMERO DE LA CLASIFICACIÓN DECIMAL DEWEY | |
| Número de clasificación Decimal | 248.4 / |
| Número de documento (Cutter) | C311d |
| 100 1# - PUNTO DE ACCESO PRINCIPAL-NOMBRE DE PERSONA | |
| Nombre personal | Carr Peel, William, |
| Término de función/relación | autor |
| 9 (RLIN) | 55 |
| 245 ## - TÍTULO PROPIAMENTE DICHO | |
| Título | Descubra su destino : |
| Parte restante del título | Cómo hallar valor para correr tras sus sueños / |
| Mención de responsabilidad, etc. | William Carr Peel, Kathy Peel ; traductor Javier Quiñones |
| 250 ## - DECLARACIÓN DE EDICIÓN | |
| Declaración de edición | 1ª impresión |
| 260 ## - PUBLICACIÓN, DISTRIBUCIÓN, ETC. (PIE DE IMPRENTA) | |
| Lugar de publicación, distribución, etc. | Nashville ; |
| Nombre del editor, distribuidor, etc. | Caribe, |
| Fecha de publicación, distribución, etc. | 1997 |
| 300 ## - DESCRIPCIÓN FÍSICA | |
| Extensión | 256 páginas; |
| Dimensiones | 20 cm. |
| 500 ## - NOTA GENERAL | |
| Nota general | "Cómo hallar valor para correr tras sus sueños" tapa |
| 500 ## - NOTA GENERAL | |
| Nota general | Incluye indice de notas páginas 253. |
| 500 ## - NOTA GENERAL | |
| Nota general | Incluye datos biográficos de los autores páginas 255-256. |
| 546 ## - LANGUAGE NOTE | |
| Language note | Traducido del Inglés |
| 650 17 - TÉRMINO DE MATERIA | |
| 9 (RLIN) | 56 |
| 650 17 - TÉRMINO DE MATERIA | |
| 9 (RLIN) | 57 |
| 700 1# - AUTOR SECUNDARIO - PERSONA | |
| Nombre de persona | Carr Peel, William |
| 9 (RLIN) | 58 |
| 700 1# - AUTOR SECUNDARIO - PERSONA | |
| Nombre de persona | Peel, Kathy |
| 9 (RLIN) | 59 |
| 700 1# - AUTOR SECUNDARIO - PERSONA | |
| Nombre de persona | Quiñones, Javier |
| 9 (RLIN) | 60 |
| Withdrawn status | Lost status | Source of classification or shelving scheme | Damaged status | Not for loan | Home library | Current library | Shelving location | Date acquired | Source of acquisition | Cost, normal purchase price | Total Checkouts | Total Renewals | Full call number | Barcode | Date last seen | Date last checked out | Copy number | Price effective from | Koha item type |
|---|---|---|---|---|---|---|---|---|---|---|---|---|---|---|---|---|---|---|---|
| Dewey Decimal Classification | Biblioteca Pública José María del Castillo y Rada | Biblioteca Pública José María del Castillo y Rada | Processing Center | 12/19/2019 | Donación | 0.00 | 4 | 4 | 248.4 / C311d | 201809871 | 10/02/2025 | 10/02/2025 | Ej.1 | 01/27/2020 | Books |